| 000 | 01446namaa2200337 i 4500 | ||
|---|---|---|---|
| 003 | EG-GICUC | ||
| 005 | 20260314132146.0 | ||
| 008 | 260314s1995 le ao||jr|||| 100 0 ara d | ||
| 040 |
_aEG-GiCUC _bara _cEG-GiCUC _dEG-GiCUC _erda |
||
| 043 | _ama----- | ||
| 082 | 0 | 4 |
_221 _a306.089927 _bM9922 |
| 092 | 0 | 4 |
_221 _a306.089927 _bM9922 |
| 099 | _a306.089927 M9922 1995 | ||
| 100 | 1 | _eمؤلف. | |
| 111 |
_aمؤتمر الثقافى العربى _c(بيروت : _d1995 : _nالثانى) |
||
| 245 | 1 | 2 |
_aألثقافة العربية فى مواجهة المستقبل : _bأعمال المؤتمر الثقافى العربى الثانى 14-16 كانون الاول 1995 / _cإعداد فكتور الكك ؛ المجمع الثقافى العربى |
| 250 | _aالطبعة الاولى | ||
| 264 |
_aبيروت (لبنان) : _bالمجمع الثقافى العربى، _c1995. |
||
| 300 |
_a232 صفحة : _bإيضاحيات، صور ؛ _c24 سم |
||
| 336 |
_2rdacontent _atext |
||
| 337 |
_2rdamedia _aUnmediated |
||
| 338 |
_2rdacarrier _avolume |
||
| 504 | _aيشتمل على ارجاعات ببليوجرافية. | ||
| 541 |
_aد. جابر عصفور ؛ _bالقاهرة ؛ _cإهداء ؛ _d2024. |
||
| 650 | 1 | 7 |
_aالثقافة _zالعالم العربى _2qrmak |
| 651 | 1 | _2qrmak | |
| 700 | 1 |
_aالكك، فيكتور _eمعد. |
|
| 710 | 2 | _aالمجمع الثقافى العربى | |
| 905 | _aAya | ||
| 942 |
_2ddc _cBK _e21 _n0 |
||
| 999 |
_c179019 _d179019 |
||